000 01057cam a2200277 a 4500
001 493208
003 ARRUPE
005 20150818020027.0
008 841120s1983 enka 000 0 eng
010 _a 84241268
020 _a0582747953 (pbk.)
040 _aDLC
_cDLC
_dDLC
041 0 _aengpor
050 0 0 _aPC5073
_b.A43 1983
082 0 0 _a469.83/421
_219
100 1 _aAlexander, L. G.
_97482
245 1 0 _aSurvive in Portuguese /
_cL.G. Alexander and Teresa de Souza.
260 _aHarlow, Essex, England :
_bLongman,
_c1983.
300 _a313 p. :
_bill. ;
_c15 cm. +
_e1 sound cassette (90 min. : analog)
590 _aAccompanying sound recording shelved in the Recorded Sound Section of the Motion Picture, Broadcasting, and Recorded Sound Division.
650 0 _aPortuguese language
_vConversation and phrase books
_xEnglish.
_97483
650 0 _aPortuguese language
_vSound recordings for English speakers.
_97484
700 1 _aSouza, Teresa de.
_97485
906 _a7
_bcbc
_corignew
_d2
_encip
_f19
_gy-gencatlg
942 _2lcc
_cMONOGRAPH
_01
999 _c119816
_d119816